[Event "AUTO-INT-1823"]
[Site "http://www.queenalice.com/game.php?id=834930"]
[Date "2010.9.19"]
[Round "1"]
[White "YuGi"]
[Black "Betim_Xadrez"]
[Result "0-1"]
[WhiteElo "1372"]
[BlackElo "1852"]

1. e4 e5 2. Qf3 Nf6 3. Bc4 Bc5 4. Qf5 Nc6 5. g4 d5 6. Qf3 dxc4 7. Na3 Nd4 8. Qc3
Nxe4 9. Qe3 Nxc2+ 10. Nxc2 Bxe3 11. fxe3 Qh4+ 12. Kd1 Bxg4+ 13. Ne2 Nf2+ 14. Ke1
Nxh1+ 15. Kd1 Bxe2+ 16. Kxe2 Qf2+ 17. Kd1 Qf1+ 18. Ne1 Nf2+ 19. Kc2 Qxe1 20. Kc3
Qe2 21. b3 Qd3+ 22. Kb2 Nd1+ 23. Ka3 cxb3 24. axb3 c5 25. h4 b5 26. h5 a5 27.
Bb2 a4 0-1

[Event "AUTO-OPEN-2107"]
[Site "http://www.queenalice.com/game.php?id=835086"]
[Date "2010.9.19"]
[Round "1"]
[White "YuGi"]
[Black "FPM"]
[Result "0-1"]
[WhiteElo "1399"]
[BlackElo "1950"]

1. e4 e5 2. Qf3 b6 3. Bc4 Nf6 4. g4 d5 5. Bb5+ c6 6. Ba4 Bxg4 7. Qg3 Qd7 8. d3
Bd6 9. Bg5 Nh5 10. Qh4 h6 11. Bc1 Be7 12. exd5 Bxh4 13. Bxc6 Nxc6 14. dxc6 Qxc6
15. Na3 Qxh1 16. Nb5 Qxg1+ 17. Kd2 O-O 18. Nc7 Rac8 19. Nd5 Qxf2# 0-1

[Event "AUTO-OPEN-2107"]
[Site "http://www.queenalice.com/game.php?id=835087"]
[Date "2010.9.19"]
[Round "1"]
[White "FPM"]
[Black "YuGi"]
[Result "1-0"]
[WhiteElo "1912"]
[BlackElo "1374"]

1. Nf3 d5 2. d4 e6 3. Bf4 Bb4+ 4. Nc3 Bxc3+ 5. bxc3 h6 6. e3 Nf6 7. c4 g5 8. Be5
g4 9. Nd2 Nc6 10. Bxf6 Qxf6 11. Be2 h5 12. cxd5 exd5 13. c4 dxc4 14. Nxc4 b5 15.
Nd2 Nb4 16. Qb3 Qd6 17. Bxb5+ c6 18. Bc4 a5 19. Bxf7+ Kd8 20. Rc1 Ba6 21. a3 Nd5
22. Ne4 Qd7 23. Bxd5 cxd5 24. Qb6+ Ke8 25. Nf6+ Ke7 26. Nxd7 Kxd7 27. Rc7+ Ke8
28. Qe6+ Kd8 29. Qd7# 1-0

[Event "AUTO-OPEN-2107"]
[Site "http://www.queenalice.com/game.php?id=835088"]
[Date "2010.9.19"]
[Round "1"]
[White "YuGi"]
[Black "joaoreis001"]
[Result "0-1"]
[WhiteElo "1395"]
[BlackElo "1702"]

1. e4 e5 2. Qf3 Nc6 3. Bc4 Nf6 4. g4 g5 5. Nh3 Nd4 6. Qd3 Nxg4 7. Qg3 h5 8. Nxg5
Nxc2+ 9. Kf1 Qxg5 10. Qf3 Rh7 11. h4 Qf4 12. Qh3 Qxf2# 0-1

[Event "AUTO-OPEN-2107"]
[Site "http://www.queenalice.com/game.php?id=835089"]
[Date "2010.9.19"]
[Round "1"]
[White "joaoreis001"]
[Black "YuGi"]
[Result "1-0"]
[WhiteElo "1706"]
[BlackElo "1391"]

1. e4 e5 2. Nf3 Qf6 3. Bc4 Qd8 4. Nxe5 Nh6 5. d4 f6 6. Bxh6 gxh6 7. Qh5+ Ke7 8.
Qf7+ Kd6 9. Qd5+ Ke7 10. Nf7 Qe8 11. Qc5+ d6 12. Qxc7+ Bd7 13. Qxd6# 1-0

[Event "Challenge"]
[Site "http://www.queenalice.com/game.php?id=835328"]
[Date "2010.9.20"]
[Round "-"]
[White "YuGi"]
[Black "JungJoe"]
[Result "0-1"]
[WhiteElo "1370"]
[BlackElo "1400"]

1. e4 c6 2. Qf3 Nf6 3. Bc4 d5 4. exd5 Bg4 5. Qf4 cxd5 6. Bb5+ Nbd7 7. Bxd7+ Nxd7
8. Nc3 Be6 9. Qa4 g6 10. d4 Bg7 11. Nb5 a6 12. Nc3 O-O 13. Nf3 b5 14. Qb4 Qb6
15. Ne5 Nxe5 16. Bf4 Nc6 17. O-O Nxb4 18. a4 Nxc2 19. Rac1 Nxd4 20. Kh1 Nb3 0-1

[Event "Challenge"]
[Site "http://www.queenalice.com/game.php?id=835660"]
[Date "2010.9.21"]
[Round "-"]
[White "YuGi"]
[Black "abal9002"]
[Result "0-1"]
[WhiteElo "1399"]
[BlackElo "1100"]

1. e4 d5 2. Qf3 dxe4 3. Qxe4 Nf6 4. Qf5 Bxf5 5. Bb5+ c6 6. Bd3 Bxd3 7. cxd3 Qxd3
8. Nc3 e5 9. Nf3 Bd6 10. Ng5 O-O 11. h4 Nd5 12. Rh3 Qd4 13. h5 Nxc3 14. dxc3 Qg4
15. Rh2 e4 16. f3 Qg3+ 17. Kf1 Qxh2 18. Nxe4 Re8 19. Nxd6 Qh1+ 20. Kf2 Qe1# 0-1

[Event "Challenge"]
[Site "http://www.queenalice.com/game.php?id=835665"]
[Date "2010.9.21"]
[Round "-"]
[White "YuGi"]
[Black "Karpv"]
[Result "0-1"]
[WhiteElo "1360"]
[BlackElo "1367"]

1. e4 c5 2. Qf3 Nc6 3. Bc4 Ne5 4. Qb3 Nxc4 5. Qxc4 e6 6. h4 d5 7. Qb5+ Qd7 8.
Nc3 d4 9. Qxd7+ Bxd7 10. d3 dxc3 11. bxc3 Nf6 12. Bg5 Be7 13. Nf3 h6 14. Bxf6
Bxf6 15. e5 Be7 16. O-O O-O 17. Rab1 Bc6 18. d4 Rfd8 19. h5 b6 20. dxc5 Bxc5 21.
Nd4 Bd5 22. f4 Bxa2 23. Rb5 Bc4 24. Rbb1 Bxf1 25. Rxf1 Rxd4 0-1

[Event "YuGi-2"]
[Site "http://www.queenalice.com/game.php?id=836573"]
[Date "2010.9.22"]
[Round "1"]
[White "YuGi"]
[Black "jbinow"]
[Result "0-1"]
[WhiteElo "1277"]
[BlackElo "2013"]

1. e3 e5 2. Qf3 d5 3. Bb5+ c6 4. Bf1 Nf6 5. d4 Bd6 6. Bd3 Bg4 7. Qg3 e4 8. Be2
Bxg3 9. fxg3 Nbd7 10. h3 Bxe2 11. Nxe2 Qb6 0-1

[Event "AUTO-INT-1828"]
[Site "http://www.queenalice.com/game.php?id=837745"]
[Date "2010.9.25"]
[Round "1"]
[White "YuGi"]
[Black "roqqk"]
[Result "0-1"]
[WhiteElo "1366"]
[BlackElo "1627"]

1. e4 e5 2. Nf3 d6 3. Nc3 Nf6 4. d4 Nc6 5. Bb5 Bd7 6. Nd5 Nxe4 7. Bxc6 Bxc6 8.
c4 b5 9. b3 Rb8 10. Ng5 Bxd5 11. Nxe4 Bxe4 12. d5 Bxg2 13. Rg1 Bh3 14. Bg5 Be7
15. Qh5 Bf5 16. Rd1 g6 17. Qh6 bxc4 18. bxc4 c5 19. Qg7 Qa5+ 20. Bd2 Qb6 21.
Qxh8+ Kd7 22. Qxh7 Qb2 0-1

[Event "AUTO-INT-1828"]
[Site "http://www.queenalice.com/game.php?id=837746"]
[Date "2010.9.25"]
[Round "1"]
[White "roqqk"]
[Black "YuGi"]
[Result "1-0"]
[WhiteElo "1639"]
[BlackElo "1401"]

1. e4 e5 2. Nf3 Nf6 3. d3 Nc6 4. Be2 d5 5. Ng5 Bg4 6. Bxg4 Nxg4 7. Qxg4 h6 8.
Nf3 h5 9. Qf5 g6 10. Qh3 Nb4 11. Na3 Nc6 12. O-O Nd4 13. Nxe5 Bxa3 14. bxa3 Nxc2
15. Bg5 Qxg5 16. Qd7+ Kf8 17. Qxf7# 1-0